Ελληνική και κοινοτική νομοθεσία προστασίας περιβάλλοντος : έτη 1989-1994
Αποθηκεύτηκε σε:
| Κύριος συγγραφέας: | |
|---|---|
| Συλλογικό Έργο: | , |
| Άλλοι συγγραφείς: | |
| Μορφή: | Βιβλίο |
| Γλώσσα: | Greek |
| Δημοσίευση: |
Αθήνα : Κομοτηνή :
Αντ. Ν. Σάκκουλας,
1997
|
| Θέματα: | |
| Ετικέτες: |
Προσθήκη ετικέτας
Δεν υπάρχουν, Καταχωρήστε ετικέτα πρώτοι!
|
MARC
| LEADER | 00000cam a2200000 i 4500 | ||
|---|---|---|---|
| 001 | 1/8464 | ||
| 008 | 000628s1997 gre d | ||
| 020 | |a 960-7511-03-4 | ||
| 035 | |l 10062682 | ||
| 040 | |a GR-MY-UA |b gre |e aacr | ||
| 041 | 0 | |a gre | |
| 082 | 0 | |a 344.046 | |
| 100 | 1 | |a Καλλία, Αγγελική. | |
| 245 | 1 | 0 | |a Ελληνική και κοινοτική νομοθεσία προστασίας περιβάλλοντος : |b έτη 1989-1994 / |c Αγγελική Καλλία-Αντωνίου ; επιμέλεια έκδοσης Μαρία Κατσακιώρη ; Ελληνικό Κέντρο Βιοτόπων-Υγροτόπων, Μουσείο Γουλανδρή Φυσικής Ιστορίας |
| 260 | |a Αθήνα : |a Κομοτηνή : |b Αντ. Ν. Σάκκουλας, |c 1997 | ||
| 300 | |a 204 σ.; |c 24 εκ. | ||
| 504 | |a Περιέχει βιβλιογραφία | ||
| 650 | 0 | 0 | |a Environmental law |z Greece. |
| 650 | 0 | 0 | |a Environmental law |z European Economic Community countries. |
| 700 | 1 | |a Κατσακιώρη, Μαρία. |4 edt | |
| 710 | 2 | |a Ελληνικό Κέντρο Βιοτόπων-Υγροτόπων. | |
| 710 | 2 | |a Μουσείο Γουλανδρή Φυσικής Ιστορίας. | |
| 852 | |a INST |b CHIOS |e 20000628 |h 344.046 ΚΑΛ |p 005200017876 |q 005200017876 |t BK |y 0 | ||
| 901 | |a BIBL2-2000-2 | ||
| 909 | |a Χ |b 075914 | ||
| 970 | |z 2000/06/ELIDOC | ||